00621nam a2200169Ia 4500999001700000082002800017100002800045245005500073260005000128300001400178504003200192650004500224650001700269650004100286942000700327952011700334 c18859d18859 a382.50954 PAT-Q SL1 aPatel, Sharadchandra K; 0aQuarterly econometric analysis of imports in India aDelhibHindustan Publishing Corporationc1981 axv, 218p. aIncludes appendix and index aInternational trade - Econometric models aEconometrics aImports - Econometric models - India cBK 00104070aNASSDOCbNASSDOCd2004-06-08l0o382.50954 PAT-Q SL1p14173r2019-04-18 00:00:00w2019-04-18yBK